00201nam a2200097Ia 4500003000400000040000800004041000700012245004400019260002200063362001800085LDD cLDD aen 0aJournal of Peace Research to be entered c1 Jul-31 Dec,2006 a43-43b04-Jun